000 01287pab a2200193 454500
008 180718b2015 xxu||||| |||| 00| 0 eng d
100 _aYogesh Kumar
245 _aSocial security: A situational analysis of social pensions in Madhya Pradesh
260 _c2015
300 _ap.681-696.
362 _aOct-Dec
520 _aDelivery mechanism of basic social services has been one of the fundamental issues in determining the success or failure of poverty alleviation programmes, including social safety programmes in the country. Instead of problems of ineffective delivery of services being implicated at the level of macro policies, much of such problems rest at lower level of administration. This article looks at the problems related to the delivery of social security pensions in eight towns in MP. The article concludes that the responsibility of delivery of social security pensions should be given to local and decentralised structures with fundamental changes in the system of sanctioning and disbursement of pensions. - Reproduced.
650 _aPensions - India - Madhya Pradesh
650 _aSocial security - India - Madhya Pradesh
650 _aSocial security
700 _aSingh, Shyam
773 _aIndian Journal of Public Administration
909 _a109778
999 _c109773
_d109773